| 000 | 00912njm a2200289Ia 4500 | ||
|---|---|---|---|
| 001 | 37686 | ||
| 003 | IT-RoPAU | ||
| 005 | 20220918181132.0 | ||
| 008 | 131025s9999 xx 000 0 und d | ||
| 040 | _aIT-RoPAU | ||
| 040 | _cIT-RoPAU | ||
| 999 |
_c100703 _d100703 |
||
| 999 | _bn.d. | ||
| 100 |
_aMarsalis Wynton _919828 |
||
| 100 |
_eAutore musica _919829 |
||
| 100 |
_gCodice autore musica SPICS: 17349 _919830 |
||
| 245 | _aJ Mood | ||
| 250 | _a1a ed. | ||
| 260 | _aHOLLAND | ||
| 260 |
_bCBS _c1986 [1a Ed.:1986 - Ed. Lingua Orig.: 1986] |
||
| 300 | _aDISCO | ||
| 300 | _c43 minuti (Testo: pag.) | ||
| 500 | _aMusica jazz. Strumentale | ||
| 505 | _aJ Mood - Presence That Lament Brings - Insane Asylum - Skain's Domain - Melodique - After - Much Later | ||
| 650 |
_aJAZZ [DISCHI] _eCodice MATERIA SPICS: 9950 _919831 |
||
| 700 |
_aMarsalis Wynton _gCodice interprete SPICS: 17349 _eInterprete _919832 |
||
| 942 |
_cMD _2ddc |
||